IEE 16th edition wiring regulations : design and verification of electrical installations (Record no. 76289)

MARC details
000 -LEADER
fixed length control field 00953nam a2200217 a 4500
008 - FIXED-LENGTH DATA ELEMENTS--GENERAL INFORMATION
fixed length control field 060316s1999 ||||||||||||||||| || u
020 ## - INTERNATIONAL STANDARD BOOK NUMBER
International Standard Book Number 0750640561
050 ## - LIBRARY OF CONGRESS CALL NUMBER
Classification number TK 4255
100 ## - MAIN ENTRY--PERSONAL NAME
Personal name Scaddan, Brian
245 10 - TITLE STATEMENT
Title IEE 16th edition wiring regulations : design and verification of electrical installations
250 ## - EDITION STATEMENT
Edition statement 2nd ed.
260 ## - PUBLICATION, DISTRIBUTION, ETC.
Place of publication, distribution, etc. Oxford ;Boston :
Name of publisher, distributor, etc. Newnes
Date of publication, distribution, etc. 1999
300 ## - PHYSICAL DESCRIPTION
Extent 101 pages : illustrations
350 ## -
-- 0.00
500 ## - GENERAL NOTE
General note Includes index.
650 ## - SUBJECT ADDED ENTRY--TOPICAL TERM
Topical term or geographic name entry element ELECTRIC WIRING, INTERIOR
650 ## - SUBJECT ADDED ENTRY--TOPICAL TERM
Topical term or geographic name entry element BUILDINGS--ELECTRIC EQUIPMENT
710 ## - ADDED ENTRY--CORPORATE NAME
Corporate name or jurisdiction name as entry element Institution of Electrical Engineers
995 ## -
-- MAIN LIBRARY OPEN ACCESS
-- 0.00
-- 735764
-- CBU-MAIN LIBRARY (Kitwe)
-- 1
-- 0.00
-- TK 4255 SCA
-- 2
-- AVAILABLE
-- Mar 26, 2008
-- 48623
-- Main Library Open Access Collection
995 ## -
-- MAIN LIBRARY OPEN ACCESS
-- 0.00
-- 731896
-- CBU-MAIN LIBRARY (Kitwe)
-- 1
-- 0.00
-- TK 4255 SCA
-- 1
-- AVAILABLE
-- May 16, 2007
-- 029123
-- Main Library Open Access Collection
999 ## -
-- 76289
-- 76289
Holdings
Withdrawn status Lost status Source of classification or shelving scheme Damaged status Not for loan Permanent Location Current Location Shelving location Date acquired Total Checkouts Full call number Barcode Date last seen Copy number Price effective from Koha item type
          CBU-MAIN LIBRARY, KITWE. CBU-MAIN LIBRARY, KITWE.   04/25/2023   TK 4255 48623 04/25/2023 1 04/25/2023 MONOGRAPH
          CBU-MAIN LIBRARY, KITWE. CBU-MAIN LIBRARY, KITWE.   04/25/2023   TK 4255 029123 04/25/2023 2 04/25/2023 MONOGRAPH